Brincadeiras e Brinquedos da Idade Média (Registo nº 1165)

Detalhes MARC
000 -Etiqueta do registo
Cabeçalho 00691nam0a2200265 i 4500
005 - Identificador da versão
Campo de controlo 20240813121827.0
010 ## - Número internacional normalizado dos livros (ISBN)
Número (ISBN) 9789896364564
021 ## - Número do Depósito Legal
Código do país PT
Número 301318/09
100 ## - Dados gerais de processamento
Dados gerais de processamento 20100714d2009 m y0pory5003 ba
102 ## - Pais de publicação ou produção
País de publicação Portugal
101 0# - Língua de publicação
Língua do texto, banda sonora, etc. Português
Língua do documento no original Português
106 ## - Campo de dados codificados: material textual
Dados codificados do material textual r
105 ## - Campo de dados codificados: livros
Dados codificados dos livros y z 001yy
215 ## - Descrição física 
Indicação específica da natureza do documento e extensão da espécie 63 p.
Outras indicações físicas il.
200 1# - Titulo e menção de responsabilidade
Título próprio Brincadeiras e Brinquedos da Idade Média
Primeira menção de responsabilidade José António Martins
Outras menções de responsabilidade il. Tolentino de Lagos
205 ## - Menção da edição
Menção da edição 1a ed.
210 ## - Publicação, Distribuição, etc. 
Lugar da edição, distribuição, etc. Porto
Nome do editor, distribuidor, etc. Papiro Editora
Data da publicação, distribuição, etc. 2009
304 ## - Notas relativas a título e menção de responsabilidade 
Texto da nota Tít. orig.:
675 ## - Classificação Decimal Universal (CDU)
Notação 94
Edição BN
Língua da edição por
700 #1 - Nome de autor-pessoa física (responsabilidade principal)
Número de registo de entrada de autoridade 0001640
Palavra de ordem Martins
Outra parte do nome não tomada para palavra de ordem José António
942 ## - Elementos de entrada adicionados (Koha)
Tipo de item no Koha Livro
Exemplares
Situação do levantamento Origin of item (home branch) (coded) Biblioteca de empréstimo Código de barras Cota Circulation type (not for loan) Tipo de documento Nota do exemplar Damaged status
  Biblioteca Escolar Eng. Nuno Mergulhão Biblioteca Escolar Eng. Nuno Mergulhão BENM2118 9PT MAR   Livro Sem mensagem